Estadísticas para Países que comienzan con M

Haz click aquí para tomar la prueba!

Estadísticas generales

  • Esta prueba ha sido tomada 10.974 veces
    (10.676 desde el último reinicio)
  • La puntuación promedio es 13 de 18

Estadísticas de respuestas

País% Correcto
México
93%
Estados Federados de {Micronesia}
83%
Mauritania
79%
Malí
79%
Marruecos
78%
Macedonia del Norte
75%
Moldavia
72%
Madagascar
72%
Mónaco
72%
Mongolia
71%
Malasia
68%
Malta
66%
Mozambique
66%
Mauricio
64%
Malaui
62%
Maldivas
61%
Montenegro
60%
Myanmar
51%

Distribución de puntuación

Porcentaje por número respondido

Porcentaje de gente con cada puntuación

Historial de tus puntuaciones

No has tomado esta prueba desde el último reinicio